Monica and Chandler-Friends Quiz - Statistics

General Stats
  • This quiz has been taken 1,062 times
  • The average score is 9 of 15
Answer Stats
Hint Answer % Correct
Who's wedding did they first hook up? Ross and Emily
98%
What season did they get married? Season 7
95%
Who was the first one to find out about Chandler and Monica's affair? Joey
94%
Where did Monica and Chandler ALMOST get married? Las Vegas
89%
What country did they first have sex? London, England
88%
Who tried to win Monica back while she was with Chandler? Richard
88%
Were Monica and Chandler expecting twins? No
86%
What are the names of Monica and Chandler's twins? Jack and Erika
63%
Where were Monica and Chandler when they met for the first time? Monica's House
47%
What were they eating when Chandler started talking about pig sex? Pizza
40%
What did Monica do to make Chandler feel better after he learned the real reason for losing his toe in the episode with all of the Thanksgiving flashbacks. She put a turkey on her head
36%
What did Chandler call Richard in the episode where he was to propose? A Big Tree
17%
What was the name of the couple that Chandler and Monica met on their honeymoon? Greg and Jenny
14%
What did Joey wear to their actual wedding ceremony? Bloody Soldier costume
2%
Who did Chandler and Monica name their twins after? Monica's father and the birth mother
1%
No matching quizzes found
Score Distribution
Percent of People with Each Score
Percentile by Number Answered
Your Score History
You have not taken this quiz